<?xml version="1.0" encoding="UTF-8"?><?xml-stylesheet type="text/xsl" href="static/style.xsl"?><OAI-PMH xmlns="http://www.openarchives.org/OAI/2.0/" xmlns:xsi="http://www.w3.org/2001/XMLSchema-instance" xsi:schemaLocation="http://www.openarchives.org/OAI/2.0/ http://www.openarchives.org/OAI/2.0/OAI-PMH.xsd"><responseDate>2026-04-28T19:38:49Z</responseDate><request verb="GetRecord" identifier="oai:uvadoc.uva.es:10324/61883" metadataPrefix="marc">https://uvadoc.uva.es/oai/request</request><GetRecord><record><header><identifier>oai:uvadoc.uva.es:10324/61883</identifier><datestamp>2023-10-05T10:18:09Z</datestamp><setSpec>com_10324_38</setSpec><setSpec>col_10324_852</setSpec></header><metadata><record xmlns="http://www.loc.gov/MARC21/slim" xmlns:doc="http://www.lyncode.com/xoai" xmlns:xsi="http://www.w3.org/2001/XMLSchema-instance" xmlns:dcterms="http://purl.org/dc/terms/" xsi:schemaLocation="http://www.loc.gov/MARC21/slim http://www.loc.gov/standards/marcxml/schema/MARC21slim.xsd">
<leader>00925njm 22002777a 4500</leader>
<datafield tag="042" ind1=" " ind2=" ">
<subfield code="a">dc</subfield>
</datafield>
<datafield tag="720" ind1=" " ind2=" ">
<subfield code="a">Espinoza Taipe, Kiare Leslie</subfield>
<subfield code="e">author</subfield>
</datafield>
<datafield tag="260" ind1=" " ind2=" ">
<subfield code="c">2023</subfield>
</datafield>
<datafield tag="520" ind1=" " ind2=" ">
<subfield code="a">El presente trabajo trata sobre el Abuso Sexual Infantil, problema generalmente&#xd;
invisibilizado por considerarse un tabú.&#xd;
Dentro de la tipología de maltrato infantil, el abuso sexual también tiene&#xd;
consecuencias inmediatas que en el transcurso del tiempo y a largo plazo genera&#xd;
traumas en la vida de la víctima.&#xd;
Para solucionar y visibilizar este problema es necesario aplicar herramientas de&#xd;
respuesta y apoyo como las TIC y la lectura, a fin de facilitar materiales y/o&#xd;
información a las familias, profesionales y menores para su conocimiento y&#xd;
aplicación.&#xd;
Actualmente las TIC están presentes en la vida de toda persona desde que nace,&#xd;
siendo importante hacer un buen uso de la tecnología con la asistencia&#xd;
imprescindible de las familias y profesionales quienes serán los encargados de guiar&#xd;
a los menores al manejo y aprovechamiento adecuado de esta herramienta&#xd;
informática.&#xd;
Por otro lado, la lectura es un instrumento que aporta el desarrollo de aspectos&#xd;
cognitivos de un menor, siempre que cuente con la supervisión de la familia y el&#xd;
profesional.</subfield>
</datafield>
<datafield tag="024" ind2=" " ind1="8">
<subfield code="a">https://uvadoc.uva.es/handle/10324/61883</subfield>
</datafield>
<datafield tag="245" ind1="0" ind2="0">
<subfield code="a">Proyecto de prevención de abuso sexual infantil a través de las TIC y la lectura</subfield>
</datafield>
</record></metadata></record></GetRecord></OAI-PMH>